[Event "Quezon City op"]
[Site "Quezon City"]
[Date "2014.12.07"]
[Round "3"]
[White "Bancod, Ronald"]
[Black "Yap, Kim Steven"]
[Result "0-1"]
[WhiteElo "2283"]
[BlackElo "2416"]
[PlyCount "94"]
[EventDate "2014.12.06"]
[EventType "swiss"]
[EventRounds "10"]
[EventCountry "PHI"]
[SourceTitle "CBM 163 Extra"]
[Source "ChessBase"]
[SourceDate "2014.12.23"]
[SourceVersion "1"]
[SourceVersionDate "2014.12.23"]
[SourceQuality "1"]

1. e4 g6 2. d4 Bg7 3. Nc3 d6 4. Nge2 Nf6 5. g3 0-0 6. Bg2 e5 7. 0-0 Nc6 8. dxe5 Nxe5 9. h3 Re8 10. a4 Bd7 11. f4 Nc4 12. Qd3 Na5 13. Be3 Nc6 14. g4 Nb4 15. Qd2 a5 16. Bf2 Bc6 17. Ng3 h5 18. gxh5 Nxh5 19. Rae1 Qf6 20. Nge2 Bh6 21. Be3 Rad8 22. Rf2 Qh4 23. Nd4 Ng3 24. f5 Bxe3 25. Qxe3 Nxf5 26. Nxf5 gxf5 27. Rf4 Qh5 28. Qg3+ Qg6 29. Qf2 Re5 30. Re3 Kf8 31. Qh4 Rde8 32. Rg3 Qe6 33. exf5 Rxf5 34. Rxf5 Qxf5 35. Qh8+ Ke7 36. Re3+ Kd8 37. Rxe8+ Bxe8 38. Ne4 Ke7 39. c3 Nc6 40. Qh4+ f6 41. Nf2 Ne5 42. Qg3 b6 43. h4 Bh5 44. Qg7+ Nf7 45. Ne4 Qe5 46. Nf2 Qf5 47. Be4 Qe5 0-1

[Event "Quezon City op"]
[Site "Quezon City"]
[Date "2014.12.06"]
[Round "1"]
[White "Bancod, Ronald"]
[Black "Sadorra, Julio Catalino"]
[Result "0-1"]
[WhiteElo "2283"]
[BlackElo "2575"]
[PlyCount "72"]
[EventDate "2014.12.06"]
[EventType "swiss"]
[EventRounds "10"]
[EventCountry "PHI"]
[SourceTitle "CBM 163 Extra"]
[Source "ChessBase"]
[SourceDate "2014.12.23"]
[SourceVersion "1"]
[SourceVersionDate "2014.12.23"]
[SourceQuality "1"]

1. g3 Nf6 2. Bg2 d5 3. Nf3 c5 4. c4 e6 5. 0-0 Be7 6. d3 0-0 7. Nc3 Nc6 8. Bf4 Nh5 9. Bd2 Nf6 10. h3 b6 11. Qa4 Bb7 12. cxd5 exd5 13. Nh4 g6 14. Bh6 Re8 15. Rae1 Nd4 16. e4 b5 17. Qd1 b4 18. Na4 dxe4 19. dxe4 Ba6 20. Nf3 Rc8 21. b3 Ne2+ 22. Rxe2 Qxd1 23. Rxd1 Bxe2 24. Re1 Bb5 25. e5 Nd5 26. Nd2 Red8 27. Nb2 Rc6 28. Nbc4 Ra6 29. Ne4 Bxc4 30. bxc4 Nc3 31. Nxc3 bxc3 32. h4 c2 33. Bd5 Rb8 34. e6 fxe6 35. Rxe6 Rxe6 36. Bxe6+ Kh8 0-1

[Event "Jakarta Indonesia op 3rd"]
[Site "Jakarta"]
[Date "2013.10.14"]
[Round "6"]
[White "Bancod, Ronald"]
[Black "Davletbayeva, Madina"]
[Result "0-1"]
[WhiteElo "2306"]
[BlackElo "2259"]
[PlyCount "108"]
[EventDate "2013.10.10"]
[EventType "swiss"]
[EventRounds "11"]
[EventCountry "INA"]
[SourceTitle "CBM 156 Extra"]
[Source "ChessBase"]
[SourceDate "2013.10.22"]
[SourceVersion "1"]
[SourceVersionDate "2013.10.22"]
[SourceQuality "1"]

1. e4 e5 2. Bc4 Nf6 3. d3 c6 4. Nf3 d5 5. Bb3 Bd6 6. Nc3 dxe4 7. dxe4 0-0 8. h3 Na6 9. Be3 Qe7 10. 0-0 h6 11. Nh4 Rd8 12. Qf3 Be6 13. Nf5 Bxf5 14. Qxf5 Bc5 15. Bc1 Nh7 16. Kh1 Rd6 17. f4 Rf6 18. Qg4 Rd8 19. Ne2 Qd7 20. Ng3 Qxg4 21. hxg4 Rg6 22. Nf5 Nf6 23. fxe5 Nxe4 24. Bf4 Rxg4 25. g3 Kh7 26. Rae1 Nd2 27. Bxf7 Nxf1 28. Rxf1 g6 29. Nd6 g5 30. Bh5 Rxf4 31. gxf4 Bxd6 32. exd6 Rxd6 33. fxg5 hxg5 34. Be2 Nc5 35. Rf7+ Kg6 36. Re7 Re6 37. Bd3+ Kf6 38. Rxe6+ Kxe6 39. Bg6 Ke5 40. Kg2 Kf4 41. b4 Ne4 42. a4 Nc3 43. a5 Nd5 44. a6 bxa6 45. c3 Nxc3 46. Be8 Nd5 47. Bxc6 Nxb4 48. Ba4 g4 49. Be8 a5 50. Bd7 Nd3 51. Kf1 Nc5 52. Bc6 a4 53. Ke2 a3 54. Bd5 Ne4 0-1